Carmen Sotericum, Excellentissimo, ac Illustrissimo Domino Domino Joanni E Comitibus Illyésházy De Eadem, Haereditario In Trenchin, I. Comitatuum Trenchiniensis, Et Lyptouiensis Supremo, Ac Perpetuo Comiti S. C. & R. A. M. Camerario, & Actuali Intimo Status Consiliario post superatam grauem, & plenam periculi infirmitatem, receptamque Dei munere, & Pio Bonorum omnium Desiderio pristinam Valetudinem A Collegio, Et Gymnasio Trenchiniensi Scholarum Piarum summa exultantis, gratique animi significatione oblatum Mense Ianuario Anno 1799

Bibliographic Details
Other Authors: Jelínek, Václav, 1731-1823 (Printer)
Format: Book
Language:Latin
PhysicalDescription:8 nečíslovaných strán 20 cm
Subjects:

MARC

LEADER 00000nam a2200000 4500
001 vtls012196960
003 SK-MaSNL
005 20260301151852.0
008 230228s1799 xo 0 0n0 lat
015 |a SNBHFA 
040 |a SNKHF  |b slo  |c SNKHF  |e rda 
041 0 |a lat 
044 |a xo  |c SK 
072 7 |a 808  |x Literárny štýl. Literárna činnosť a technika. Efektívne využívanie jazyka. Spisovateľská činnosť  |2 konspekt 
080 |a 808.5-051  |2 2011 
130 0 |a Carmen  |9 284002 
245 1 0 |a Carmen Sotericum, Excellentissimo, ac Illustrissimo Domino Domino Joanni E Comitibus Illyésházy De Eadem, Haereditario In Trenchin, I. Comitatuum Trenchiniensis, Et Lyptouiensis Supremo, Ac Perpetuo Comiti S. C. & R. A. M. Camerario, & Actuali Intimo Status Consiliario post superatam grauem, & plenam periculi infirmitatem, receptamque Dei munere, & Pio Bonorum omnium Desiderio pristinam Valetudinem A Collegio, Et Gymnasio Trenchiniensi Scholarum Piarum summa exultantis, gratique animi significatione oblatum Mense Ianuario Anno 1799 
264 3 |a Tyrnaviae  |b Typis Wenceslai Jelinek Caes. Reg. Privil. Typograp.  |c Anno 1799 
300 |a 8 nečíslovaných strán  |c 20 cm 
336 |a text  |b txt  |2 rdacontent 
337 |a bez média  |b n  |2 rdamedia 
338 |a zväzok  |b nc  |2 rdacarrier 
504 |a Poznámky pod textom 
650 0 7 |a príležitostné reči  |2 SNKPH  |9 281460 
700 1 |a Jelínek, Václav,  |d 1731-1823  |4 prt  |9 158461 
752 |a Slovensko  |d Trnava 
852 |a snk  |p SD 50690/prív.15 
958 |a DD 
958 |a ONDV 
999 |c 787813  |d 789743 
952 |a SNK  |b SNK  |y PREZ  |7 0  |p 17A1486059  |o snkSD 50690/prív.15  |i snkF 2995/1981  |8 5  |0 0  |1 0  |4 0  |d 2023-02-28  |l 0  |r 2026-02-24 01:25:59  |w 2026-02-24